000
00298nam a22001217a 4500
008
230619b xxu||||| |||| 00| 0 eng d
082
_a
266.7
_b
FOR
100
_c
R. Forbes Watson
245
_a
Charles New
260
_a
London
_b
Thomas Nelson and sons Ltd
_c
1951
300
_a
VI,78p
942
_2
ddc
_c
BK
999
_c
1329
_d
1329